| 000 | 00521nmm a22001817a 4500 | ||
|---|---|---|---|
| 005 | 20170622132747.0 | ||
| 008 | 150618b xxu||||| |||| 00| 0 spa d | ||
| 041 | _aspa | ||
| 082 | _aDE 186 | ||
| 100 |
_aCamacho Solano, Andrés _943212 |
||
| 245 | _aSistema Muni-Red:inventario de medidores de la Municipalidad de Cartago. | ||
| 260 | _c2017 | ||
| 650 |
_aCOSTA RICA _943213 |
||
| 650 |
_aADMINISTRACIÓN DE EMPRESAS _9521 |
||
| 650 |
_aINVENTARIOS _91923 |
||
| 650 |
_aMEDIDORES DE ELECTRICIDAD _943214 |
||
| 942 | _cIP | ||
| 999 |
_c9590 _d9590 |
||